[Event "Klompendans"]
[Site "Amsterdam NED"]
[Date "2001.10.23"]
[Round "1"]
[White "Ioseliani,N"]
[Black "Portisch,L"]
[Result "1/2-1/2"]
[WhiteElo "2497"]
[BlackElo "2591"]
[EventDate "2001.10.23"]

1. d4 Nf6 2. c4 e6 3. Nc3 Bb4 4. e3 O-O 5. Bd3 d5 6. Nf3 c5 7. O-O dxc4 8.
Bxc4 Nbd7 9. Qe2 a6 10. Bd3 Qe7 11. Bd2 e5 12. dxe5 Nxe5 13. Nxe5 Qxe5 14.
a3 Ba5 15. f4 Qh5 16. Qxh5 Nxh5 17. Be2 Nf6 18. Bf3 Rd8 19. Be1 Bd7 20.
Bxb7 Rab8 21. Bxa6 Bc6 22. Nd1 Bb6 23. Bh4 Rd2 24. Rf2 Rbd8 25. Rxd2 Rxd2
26. Bf1 Rc2 27. a4 Ba5 28. b3 Ne4 29. Bd3 Rd2 30. Bb5 Rd6 31. Nf2 Nd2 32.
Bxc6 Rxc6 33. Nd3 f6 34. Nc1 Ne4 35. Ne2 Nd2 36. Be1 Nxb3 37. Rd1 Bb6 38.
Bc3 c4 39. Nd4 Rd6 40. Kf1 Kf7 41. g4 g6 42. g5 fxg5 43. fxg5 Rd5 44. Ke2
Bxd4 45. exd4 Rxg5 46. d5 Ke8 47. a5 Rg2+ 48. Kf3 Rxh2 49. Re1+ Kd8 50. a6
Ra2 51. Bf6+ Kd7 52. Re7+ Kd6 53. Ke4 Nc5+ 54. Kd4 c3 55. Rxh7 Ra4+ 56.
Kxc3 Ne4+ 57. Kb3 Rxa6 58. Be7+ Kxd5 59. Rh1 Ke6 60. Bf8 Ra8 61. Rg1
1/2-1/2

[Event "Klompendans"]
[Site "Amsterdam NED"]
[Date "2001.10.23"]
[Round "1"]
[White "Polgar,S"]
[Black "Korchnoi,V"]
[Result "0-1"]
[WhiteElo "2469"]
[BlackElo "2639"]
[EventDate "2001.10.23"]

1. e4 e6 2. d4 d5 3. Nc3 Nf6 4. Bg5 Be7 5. e5 Nfd7 6. Bxe7 Qxe7 7. f4 a6 8.
Nf3 c5 9. Qd2 Nc6 10. dxc5 Qxc5 11. Bd3 b5 12. a3 Bb7 13. Qf2 b4 14. Na4
Qxf2+ 15. Kxf2 a5 16. Bb5 Ke7 17. Rhd1 Rhc8 18. c4 bxc3 19. bxc3 Rab8 20.
Rab1 Ba8 21. Nd4 f6 22. exf6+ Nxf6 23. Bd3 e5 24. fxe5 Nxe5 25. Bf5 Rf8 26.
Ke2 g6 27. Bd3 Nxd3 28. Kxd3 Ne4 29. Re1 Rfc8 30. Nf3 Kd6 31. Nd4 Bc6 32.
Rxb8 Rxb8 33. Nxc6 Kxc6 34. c4 dxc4+ 35. Kxc4 Nd6+ 36. Kc3 Nb5+ 37. Kb3 Kd5
38. Nc3+ Nxc3+ 39. Kxc3 a4 40. Re7 Rb3+ 41. Kc2 Rxa3 42. Rxh7 Ra2+ 43. Kb1
Rxg2 44. h4 Ke6 45. h5 g5 46. Ra7 Rh2 47. Rxa4 Kf5 48. Kc1 g4 49. Ra5+ Kf4
50. Ra4+ Kg5 51. Kd1 g3 52. Ra8 Kxh5 53. Rg8 Kh4 54. Ke1 Rf2 55. Rh8+ Kg4
56. Rh1 Rh2 0-1

[Event "Klompendans"]
[Site "Amsterdam NED"]
[Date "2001.10.23"]
[Round "1"]
[White "Xie Jun"]
[Black "Taimanov,M"]
[Result "1-0"]
[WhiteElo "2553"]
[BlackElo "2439"]
[EventDate "2001.10.23"]

1. e4 c5 2. Nf3 e6 3. d4 cxd4 4. Nxd4 Nc6 5. Nc3 a6 6. Nxc6 bxc6 7. Bd3 d5
8. O-O Nf6 9. Bg5 Be7 10. e5 Nd7 11. Bxe7 Qxe7 12. f4 O-O 13. Qh5 g6 14.
Qh6 Rb8 15. Rab1 f5 16. Nd1 a5 17. Nf2 Nc5 18. Qh3 Qa7 19. Qe3 Rf7 20. Rfc1
Na4 21. Qxa7 Rxa7 22. Nd1 Nc5 23. b3 g5 24. Nf2 gxf4 25. Nh3 Rb4 26. Rf1 a4
27. Nxf4 axb3 28. axb3 Kf7 29. g3 Ke7 30. Ra1 Rxa1 31. Rxa1 Nd7 32. Re1 Bb7
33. Kf2 c5 34. c4 d4 35. g4 fxg4 36. Bc2 Bf3 37. Kg3 Rb8 38. h3 h5 39. Nxh5
d3 40. Bxd3 Rxb3 41. Nf4 Rc3 42. hxg4 Bb7 43. g5 Ba6 44. Kg4 Bxc4 45. Bxc4
Rxc4 46. g6 Rc2 47. Kg5 c4 48. Rf1 Nxe5 49. g7 Nf7+ 50. Kh4 Nh6 51. Ng6+
Kd6 52. Kg5 Rh2 53. Rf8 c3 54. Rc8 c2 55. Rxc2 Rxc2 56. Kxh6 Rc8 57. Nf8
Ke7 58. g8=Q Rxf8 59. Qg3 Rf5 60. Qc7+ Ke8 61. Kg6 Rf8 62. Qc6+ Ke7 63.
Qc5+ Ke8 64. Qc7 1-0

[Event "Klompendans"]
[Site "Amsterdam NED"]
[Date "2001.10.23"]
[Round "1"]
[White "Galliamova,A"]
[Black "Smyslov,V"]
[Result "1/2-1/2"]
[WhiteElo "2547"]
[BlackElo "2491"]
[EventDate "2001.10.23"]

1. Nf3 d5 2. c4 c6 3. b3 Bg4 4. Bb2 Nd7 5. e3 e6 6. Be2 Ngf6 7. Nc3 Bxf3 8.
gxf3 Bd6 9. f4 d4 10. Nb1 dxe3 11. fxe3 e5 12. f5 Ne4 13. O-O Qg5+ 14. Kh1
Qh4 15. Qe1 Qxe1 16. Rxe1 Bb4 17. Rg1 g6 18. d3 Nd6 19. a3 Ba5 20. b4 Bc7
21. fxg6 hxg6 22. e4 Ke7 1/2-1/2

[Event "Klompendans"]
[Site "Amsterdam NED"]
[Date "2001.10.24"]
[Round "2"]
[White "Hort,V"]
[Black "Galliamova,A"]
[Result "1/2-1/2"]
[WhiteElo "2519"]
[BlackElo "2547"]
[EventDate "2001.10.23"]

1. d4 d5 2. c4 c6 3. Nf3 Nf6 4. Qb3 e6 5. Bg5 Nbd7 6. cxd5 exd5 7. Nc3 h6
8. Bf4 Nh5 9. Bd2 Bd6 10. g3 O-O 11. Bg2 Qe7 12. O-O Ndf6 13. Rad1 Bf5 14.
Nh4 Bh7 15. Nf3 b5 16. Rc1 a5 17. Qd1 Nd7 18. Ne1 Nhf6 19. Nd3 Nb6 20. Bf4
Bxf4 21. gxf4 b4 22. Nb1 Rfc8 23. Bh3 Rc7 24. Ne5 Ne4 25. e3 f6 26. Nd3 Nc4
27. Qe2 a4 28. Rfe1 Kh8 29. f3 Ned6 30. Nxb4 Nb5 31. a3 Re8 32. Nc3 Qd6 33.
Qf2 Rce7 34. Bf1 Rxe3 35. Bxc4 Rxe1+ 36. Rxe1 Rxe1+ 37. Qxe1 dxc4 38. Nxb5
cxb5 39. Qe8+ Bg8 40. Qe4 Qd7 41. Kg2 Bh7 42. Qa8+ Bg8 43. Qe4 Bh7 44. Qa8+
Bg8 1/2-1/2

[Event "Klompendans"]
[Site "Amsterdam NED"]
[Date "2001.10.24"]
[Round "2"]
[White "Smyslov,V"]
[Black "Xie Jun"]
[Result "1/2-1/2"]
[WhiteElo "2491"]
[BlackElo "2553"]
[EventDate "2001.10.23"]

1. e4 e5 2. Nf3 Nc6 3. Nc3 Nf6 4. Bb5 Nd4 5. Nxd4 exd4 6. e5 dxc3 7. exf6
Qxf6 8. dxc3 Qe5+ 9. Qe2 Qxe2+ 10. Bxe2 d5 11. Bf4 c6 12. c4 Be6 13. cxd5
Bxd5 14. O-O Bc5 15. Rfe1 O-O 16. Bd3 1/2-1/2

[Event "Klompendans"]
[Site "Amsterdam NED"]
[Date "2001.10.25"]
[Round "3"]
[White "Galliamova,A"]
[Black "Portisch,L"]
[Result "0-1"]
[WhiteElo "2547"]
[BlackElo "2591"]
[EventDate "2001.10.23"]

1. e4 c5 2. Ne2 e6 3. Nbc3 a6 4. g3 b5 5. Bg2 Bb7 6. O-O Nf6 7. d4 b4 8.
Na4 Bxe4 9. f3 Bc6 10. Nxc5 Be7 11. Nf4 O-O 12. Nfd3 a5 13. a3 d6 14. Ne4
Qb6 15. Be3 Nd5 16. Bf2 Nd7 17. Re1 Rac8 18. axb4 axb4 19. Qd2 Ra8 20. Bf1
Qb7 21. Rxa8 Rxa8 22. g4 Ra2 23. Bg3 Qb6 24. Nxd6 Qxd4+ 25. Bf2 Qf6 26. Nc4
Bb5 27. Ne3 Nxe3 28. Qxe3 Bxd3 29. Bxd3 Bc5 30. Qe4 g6 31. b3 Bxf2+ 32.
Kxf2 Nc5 33. Qc4 Nxd3+ 34. Qxd3 Qh4+ 35. Kf1 Qxh2 36. Qd8+ Kg7 37. Qd4+ f6
38. g5 Qh1+ 39. Ke2 Qg2+ 40. Ke3 Qxg5+ 41. Kd3 Qf5+ 42. Re4 Qxf3+ 43. Kc4
Qf5 44. Re2 e5 45. Qd5 Rxc2+ 46. Rxc2 Qxc2+ 47. Kxb4 h5 48. Qe6 Qf5 49.
Qe7+ Kh6 50. Ka3 h4 51. Qf8+ Kg5 52. Qc5 Qf3 53. Qc1+ Kh5 0-1

[Event "Klompendans"]
[Site "Amsterdam NED"]
[Date "2001.10.25"]
[Round "3"]
[White "Xie Jun"]
[Black "Hort,V"]
[Result "1/2-1/2"]
[WhiteElo "2553"]
[BlackElo "2519"]
[EventDate "2001.10.23"]

1. e4 e5 2. Nf3 Nc6 3. Bb5 a6 4. Ba4 Nf6 5. O-O Be7 6. Re1 b5 7. Bb3 O-O 8.
d4 Nxd4 9. Nxd4 exd4 10. e5 Ne8 11. Qxd4 Bb7 12. Qg4 c5 13. c3 d5 14. Nd2
Qb6 15. Bc2 Bc8 16. Qe2 g6 17. a4 bxa4 18. Bxa4 Ng7 19. Nf3 Ne6 20. h3 Rd8
21. Bc2 Bb7 1/2-1/2

[Event "Klompendans"]
[Site "Amsterdam NED"]
[Date "2001.10.25"]
[Round "3"]
[White "Polgar,S"]
[Black "Smyslov,V"]
[Result "1-0"]
[WhiteElo "2469"]
[BlackElo "2491"]
[EventDate "2001.10.23"]

1. e4 e5 2. Nf3 Nc6 3. Bb5 Nf6 4. O-O Be7 5. d4 a6 6. dxe5 Nxe4 7. Bc4 O-O
8. Re1 Nc5 9. Nc3 b5 10. Bd5 Bb7 11. a4 b4 12. Ne4 Nxe4 13. Bxe4 Na5 14.
Bf4 Rb8 15. Qd3 Bxe4 16. Rxe4 Nb7 17. Be3 d5 18. exd6 Nxd6 19. Rf4 a5 20.
Bd4 f6 21. Bc5 Nf7 22. Qxd8 1-0

[Event "Klompendans"]
[Site "Amsterdam NED"]
[Date "2001.10.26"]
[Round "4"]
[White "Portisch,L"]
[Black "Xie Jun"]
[Result "1/2-1/2"]
[WhiteElo "2591"]
[BlackElo "2553"]
[EventDate "2001.10.23"]

1. d4 Nf6 2. c4 g6 3. Nc3 Bg7 4. e4 d6 5. Nf3 O-O 6. Be2 e5 7. O-O Nc6 8.
d5 Ne7 9. Nd2 a5 10. a3 Nd7 11. Rb1 f5 12. b4 Kh8 13. Bb2 Nf6 14. Bd3 Nh5
15. exf5 Nxf5 16. Ne2 Nh4 17. Ne4 axb4 18. axb4 Qd7 19. f3 Nf4 20. Nxf4
exf4 21. Ra1 Rxa1 22. Qxa1 Bxb2 23. Qxb2+ Qg7 24. Qxg7+ Kxg7 25. Ra1 h6 26.
Ra7 Rd8 27. Nc3 Kf6 28. Be4 Nf5 29. Ra8 Nd4 30. Kf2 g5 31. Ke1 Ke7 32. Kd2
Bd7 33. Ra7 Rb8 34. Kd3 c5 35. dxc6 Nxc6 36. Nd5+ Kf7 37. Ra1 Be6 38. Kc3
Ne5 39. Ra7 Nc6 40. Ra4 Ne5 41. Ra7 Nc6 42. Ra1 Ne5 43. c5 dxc5 44. bxc5
Rc8 45. Ra5 Nc6 46. Rb5 Nd8 47. Nb6 Rc7 48. Nc4 Ke7 49. Nb6 Kf7 50. Ra5 Kg7
51. Ra8 Nc6 52. Re8 Bf7 53. Rc8 Re7 54. Nc4 Na7 55. Ra8 Nb5+ 56. Kb4 Nc7
57. Ra5 Nd5+ 58. Ka3 Nc3 59. Nd6 Nxe4 60. Nf5+ Kf6 61. Nxe7 Nd2 62. Rb5
Kxe7 63. Rxb7+ Kf6 64. Kb4 Nf1 65. c6 Ne3 66. Kc5 Nf5 67. c7 Be6 68. Rb8
Ne7 69. Rh8 Kg7 70. Rd8 Kf6 71. Rh8 Kg7 72. Rd8 1/2-1/2

[Event "Klompendans"]
[Site "Amsterdam NED"]
[Date "2001.10.26"]
[Round "4"]
[White "Hort,V"]
[Black "Polgar,S"]
[Result "1-0"]
[WhiteElo "2519"]
[BlackElo "2469"]
[EventDate "2001.10.23"]

1. d4 d5 2. Bg5 c6 3. Nc3 Bf5 4. e3 Nd7 5. Bd3 Bxd3 6. Qxd3 Qb6 7. O-O-O
O-O-O 8. Nf3 g6 9. e4 dxe4 10. Nxe4 h6 11. Be3 Qa5 12. Kb1 Bg7 13. c4 Ngf6
14. Nxf6 Bxf6 15. Rhe1 Kb8 16. Bd2 Qa6 17. Qc2 e6 18. Bf4+ Ka8 19. c5 b6
20. Bc7 Rc8 21. Bd6 Rhe8 22. Re3 Qb7 23. Rb3 Be7 24. Bxe7 Rxe7 25. Nd2 Qc7
26. g3 e5 27. cxb6 axb6 28. Re3 Rce8 29. d5 Nb8 30. Ra3+ Kb7 31. d6 Qxd6
32. Ne4 Qe6 33. Nd6+ Kc7 34. Ra7+ Kd8 35. Nxf7+ Kc8 36. Nd6+ Kd8 37. Nb7+
Kc8 38. Nd6+ Kd8 39. Nxe8+ Kxe8 40. Ra8 1-0

[Event "Klompendans"]
[Site "Amsterdam NED"]
[Date "2001.10.26"]
[Round "4"]
[White "Smyslov,V"]
[Black "Ioseliani,N"]
[Result "1/2-1/2"]
[WhiteElo "2491"]
[BlackElo "2497"]
[EventDate "2001.10.23"]

1. e4 c5 2. c3 d5 3. exd5 Qxd5 4. d4 e6 5. Nf3 Nf6 6. Be2 cxd4 7. Qxd4 Nc6
8. Qxd5 Nxd5 9. Nbd2 Be7 10. Nc4 O-O 11. O-O Rd8 12. Nce5 1/2-1/2

[Event "Klompendans"]
[Site "Amsterdam NED"]
[Date "2001.10.28"]
[Round "5"]
[White "Galliamova,A"]
[Black "Taimanov,M"]
[Result "1-0"]
[WhiteElo "2547"]
[BlackElo "2439"]
[EventDate "2001.10.23"]

1. d4 Nf6 2. c4 e6 3. Nf3 b6 4. a3 Bb7 5. Nc3 Be7 6. d5 d6 7. e4 e5 8. Bd3
Nbd7 9. O-O O-O 10. Bc2 a6 11. Ne1 c5 12. Qe2 Ne8 13. g3 Nc7 14. f4 b5 15.
b3 exf4 16. gxf4 Bf6 17. Qd3 g6 18. Ra2 b4 19. Ne2 bxa3 20. Rxa3 Ne8 21.
Ng3 Bg7 22. Nf3 Bc8 23. Bd2 Ra7 24. Kh1 Ndf6 25. Bc3 Ng4 26. Raa1 Bxc3 27.
Qxc3 f6 28. Rae1 Raf7 29. b4 Qb6 30. bxc5 Qxc5 31. Nd4 Nc7 32. Nge2 Bd7 33.
h3 Nh6 34. Kh2 Rc8 35. Qd3 a5 36. f5 Ne8 37. Bb3 a4 38. Ba2 Rb8 39. Rb1
Rxb1 40. Bxb1 g5 41. Bc2 Re7 42. Ne6 Qa5 43. e5 dxe5 44. Nc3 Nd6 45. c5
Ndxf5 46. Ne4 Bb5 47. Nxf6+ Kh8 48. Rb1 Nd4 49. Qe3 Nxe6 50. dxe6 Rxe6 51.
Qxg5 Qc3 52. Bf5 Qxc5 1-0

[Event "Klompendans"]
[Site "Amsterdam NED"]
[Date "2001.10.28"]
[Round "5"]
[White "Xie Jun"]
[Black "Korchnoi,V"]
[Result "1/2-1/2"]
[WhiteElo "2553"]
[BlackElo "2639"]
[EventDate "2001.10.23"]

1. e4 c5 2. Nf3 e6 3. d4 cxd4 4. Nxd4 Nc6 5. Nc3 d6 6. Be2 Nf6 7. O-O Be7
8. Kh1 O-O 9. f4 Bd7 10. Nb3 a5 11. a4 Nb4 12. Bf3 e5 13. Be3 Qc8 14. Qd2
Bg4 15. Bb6 Bd8 16. fxe5 dxe5 17. Bc5 Re8 18. Nb5 Bxf3 19. gxf3 Re6 20. Rg1
Nh5 21. Nc3 Rf6 22. Raf1 Bb6 23. Bxb4 Bxg1 24. Nd5 Re6 25. Rxg1 axb4 26.
Qg5 Qxc2 27. Na1 Qf2 28. Qxh5 Rae8 29. Qg4 g6 30. Nc7 Qxb2 31. Nxe8 Rxe8
32. Qd7 Re6 33. Qxb7 Qf2 34. Qxb4 Qxf3+ 35. Rg2 1/2-1/2

[Event "Klompendans"]
[Site "Amsterdam NED"]
[Date "2001.10.28"]
[Round "5"]
[White "Ioseliani,N"]
[Black "Hort,V"]
[Result "1-0"]
[WhiteElo "2497"]
[BlackElo "2519"]
[EventDate "2001.10.23"]

1. d4 d5 2. c4 dxc4 3. e3 Nf6 4. Bxc4 e6 5. Nf3 a6 6. O-O c5 7. Bd3 Nbd7 8.
Re1 Be7 9. e4 cxd4 10. e5 Nd5 11. Nxd4 Qb6 12. Nf3 Nc5 13. Bc4 Qd8 14. Bxd5
Qxd5 15. Qxd5 exd5 16. Nc3 Be6 17. Rd1 Rd8 18. Be3 O-O 19. Rac1 Rfe8 20. h3
g6 21. Nd4 Nd7 22. f4 h5 23. Nb3 Nb8 24. Bb6 Rd7 25. Na4 Bf8 26. Nac5 Rde7
27. Na5 Nd7 28. Nxe6 fxe6 29. Be3 Nb8 30. h4 Rd7 31. a3 Be7 32. g3 Bd8 33.
Nb3 Nc6 34. Kf2 Na5 35. Nxa5 Bxa5 36. b4 Bc7 37. Bd4 Rc8 38. Rc2 Kf7 39.
Rdc1 Ke7 40. Kf3 Kd8 41. g4 hxg4+ 42. Kxg4 Rh7 43. Bb6 Rd7 44. Kf3 Rf7 45.
a4 Re7 46. b5 axb5 47. axb5 Rf7 48. Ba5 Bxa5 49. Rxc8+ Kd7 50. R1c2 d4 51.
Rb8 d3 52. Rxb7+ Kd8 53. Rb8+ Kd7 54. Ra2 Bc7 55. Rb7 Kc8 56. Raa7 d2 57.
Ke2 1-0

[Event "Klompendans"]
[Site "Amsterdam NED"]
[Date "2001.10.29"]
[Round "6"]
[White "Korchnoi,V"]
[Black "Polgar,S"]
[Result "1-0"]
[WhiteElo "2639"]
[BlackElo "2469"]
[EventDate "2001.10.23"]

1. Nf3 c5 2. c4 Nc6 3. d4 cxd4 4. Nxd4 g6 5. e4 Bg7 6. Be3 Nf6 7. Nc3 O-O
8. Be2 b6 9. O-O Bb7 10. Ndb5 d6 11. Rc1 Nd7 12. f4 Nc5 13. Bf3 a6 14. Na3
Nb4 15. Qe2 f5 16. exf5 Bxf3 17. Rxf3 gxf5 18. Rd1 Qe8 19. Nab1 Nc6 20. Nd5
Rb8 21. Rh3 e6 22. Ndc3 Rd8 23. Bf2 d5 24. cxd5 exd5 25. Qxe8 Rfxe8 26.
Nxd5 Bxb2 27. Nbc3 Bxc3 28. Rxc3 Nb4 29. Ne7+ Kf7 30. Rxd8 Rxd8 31. Bxc5
bxc5 32. Nxf5 Rd2 33. a3 Nd3 34. g3 h5 35. Nd6+ Ke6 36. Nc4 Rd1+ 37. Kg2 h4
38. Kf3 hxg3 39. hxg3 Nc1 40. Ne3 1-0

[Event "Klompendans"]
[Site "Amsterdam NED"]
[Date "2001.10.30"]
[Round "7"]
[White "Polgar,S"]
[Black "Taimanov,M"]
[Result "1/2-1/2"]
[WhiteElo "2469"]
[BlackElo "2439"]
[EventDate "2001.10.23"]

1. e4 c5 2. Nf3 e6 3. d4 cxd4 4. Nxd4 Nc6 5. Nc3 Qc7 6. Be2 a6 7. f4 b5 8.
Be3 Bb7 9. Bf3 Na5 10. O-O Nc4 11. Bc1 Bc5 12. Kh1 Ne7 13. b3 Nd6 14. Qd3
Rc8 15. Bb2 O-O 16. Rad1 Rfd8 17. Nce2 f5 18. exf5 Ndxf5 19. Bg4 Rf8 20.
Nxf5 Nxf5 21. Bxf5 exf5 22. Qxd7 Qxd7 23. Rxd7 Rf7 24. Rfd1 Bc6 25. Rd8+
Rf8 26. Rxf8+ Bxf8 27. Be5 b4 28. c4 bxc3 29. Nxc3 Bb4 30. Ne2 Be4 31. Rc1
Rxc1+ 32. Nxc1 Bb1 33. Bb2 Bd2 34. g3 Bxc1 1/2-1/2

[Event "Klompendans"]
[Site "Amsterdam NED"]
[Date "2001.10.30"]
[Round "7"]
[White "Xie Jun"]
[Black "Smyslov,V"]
[Result "1/2-1/2"]
[WhiteElo "2553"]
[BlackElo "2491"]
[EventDate "2001.10.23"]

1. e4 e5 2. Nf3 Nc6 3. Bb5 Nf6 4. O-O d6 5. Re1 Be7 6. d4 Bd7 7. c3 O-O 8.
h3 Re8 9. Bd3 Bf8 10. Nbd2 g6 11. Nf1 Nh5 12. Bg5 Qc8 13. Bc2 Bg7 14. Qd2
Nd8 15. Rad1 f6 16. Be3 Ne6 17. Ng3 Nxg3 18. fxg3 Re7 19. Rf1 Qe8 20. Nh2
exd4 21. cxd4 Nd8 22. Bh6 Qf8 23. Bxg7 Qxg7 24. Qf4 Ne6 25. Qxf6 Qxf6 26.
Rxf6 Kg7 27. Rf2 Ng5 28. Re2 Rae8 29. Rde1 c5 30. Nf3 Nf7 31. Bb3 cxd4 32.
Bxf7 Kxf7 33. Nxd4 Bc6 34. Nxc6 bxc6 35. Rc2 c5 36. Rd2 Rxe4 37. Rxe4 Rxe4
38. Rxd6 Re2 39. Rd7+ Ke6 40. Rb7 a5 41. g4 a4 42. a3 g5 43. Kh2 c4 44. Kg3
Re3+ 45. Kf2 Rb3 46. Rxh7 Rxb2+ 47. Kf3 Rb3+ 48. Ke4 Rxa3 49. Rh6+ Kd7 50.
Ra6 Ra2 51. Kd4 Rxg2 52. Kxc4 Rg3 53. Rxa4 Rxh3 54. Kd5 Re3 55. Ra7+ Ke8
56. Rg7 1/2-1/2

[Event "Klompendans"]
[Site "Amsterdam NED"]
[Date "2001.11.01"]
[Round "8"]
[White "Hort,V"]
[Black "Xie Jun"]
[Result "1/2-1/2"]
[WhiteElo "2519"]
[BlackElo "2553"]
[EventDate "2001.10.23"]

1. d4 Nf6 2. c4 g6 3. Nc3 Bg7 4. e4 d6 5. f3 O-O 6. Be3 Nc6 7. Rc1 a6 8. a3
e5 9. d5 Nd4 10. Nge2 Nxe2 11. Bxe2 Nh5 12. Rc2 f5 13. g3 Nf6 14. Bd3 fxe4
15. Nxe4 Nxe4 16. Bxe4 Bf5 17. Qd3 b6 18. h4 Qf6 19. Rf2 Qf7 20. h5 gxh5
21. g4 hxg4 22. fxg4 Bxe4 23. Qxe4 Qg6 24. Rf5 Rf7 25. Rhh5 Rxf5 26. Rxf5
Rf8 27. Rxf8+ Bxf8 28. Qxg6+ hxg6 29. Bg5 Kf7 1/2-1/2

[Event "Klompendans"]
[Site "Amsterdam NED"]
[Date "2001.11.01"]
[Round "8"]
[White "Portisch,L"]
[Black "Galliamova,A"]
[Result "1-0"]
[WhiteElo "2591"]
[BlackElo "2547"]
[EventDate "2001.10.23"]

1. d4 Nf6 2. c4 e6 3. Nf3 Bb4+ 4. Nbd2 d6 5. a3 Bxd2+ 6. Qxd2 a5 7. b3 Qe7
8. Bb2 Nbd7 9. g3 b6 10. Bg2 Bb7 11. O-O O-O 12. Rfe1 Be4 13. Bf1 d5 14.
Ne5 h6 15. f3 Bh7 16. cxd5 exd5 17. Rac1 Ne8 18. Nc6 Qe6 19. Rc3 Nb8 20.
Ne5 f6 21. Ng4 Kh8 22. Rcc1 c6 23. a4 Nd6 24. Ba3 Re8 25. Qf4 Nf7 26. Rc3
Na6 27. Rec1 Rac8 28. Nf2 Nb4 29. Qd2 Rc7 30. e4 Ng5 31. Re3 dxe4 32. fxe4
Nxe4 33. Nxe4 Bxe4 34. Bxb4 axb4 35. Qxb4 f5 36. Bg2 Qd5 37. Qxb6 Rce7 38.
Qc5 Qd7 39. Rce1 Re6 40. a5 Bxg2 41. Rxe6 Rxe6 42. Qf8+ 1-0

[Event "Klompendans"]
[Site "Amsterdam NED"]
[Date "2001.11.01"]
[Round "8"]
[White "Taimanov,M"]
[Black "Ioseliani,N"]
[Result "1/2-1/2"]
[WhiteElo "2439"]
[BlackElo "2497"]
[EventDate "2001.10.23"]

1. c4 c6 2. Nf3 d5 3. e3 Nf6 4. Nc3 g6 5. d4 Bg7 6. cxd5 cxd5 7. Bb5+ Bd7
8. Qb3 Bxb5 9. Qxb5+ Qd7 10. Ne5 Qxb5 11. Nxb5 Na6 12. Bd2 Ne4 13. Rc1 Bxe5
14. dxe5 Kd7 15. f3 Nxd2 16. Kxd2 Rhc8 1/2-1/2

[Event "Klompendans"]
[Site "Amsterdam NED"]
[Date "2001.11.01"]
[Round "8"]
[White "Smyslov,V"]
[Black "Polgar,S"]
[Result "1/2-1/2"]
[WhiteElo "2491"]
[BlackElo "2469"]
[EventDate "2001.10.23"]

1. e4 c5 2. c3 d5 3. exd5 Qxd5 4. Nf3 g6 5. Qb3 Be6 6. Qxd5 Bxd5 7. d4 Bxf3
8. gxf3 cxd4 9. cxd4 Bg7 10. Bb5+ Nd7 11. Be3 a6 12. Ba4 Ngf6 13. Nc3 O-O
14. Ke2 1/2-1/2

[Event "Klompendans"]
[Site "Amsterdam NED"]
[Date "2001.11.02"]
[Round "9"]
[White "Xie Jun"]
[Black "Portisch,L"]
[Result "1/2-1/2"]
[WhiteElo "2553"]
[BlackElo "2591"]
[EventDate "2001.10.23"]

1. e4 c5 2. Nf3 Nc6 3. d4 cxd4 4. Nxd4 Qc7 5. Nc3 e6 6. Be2 a6 7. O-O Nf6
8. Kh1 Be7 9. f4 d6 10. Be3 O-O 11. a4 Kh8 12. Nb3 b6 13. Bd3 Bb7 14. Qf3
Nb4 15. Nd4 Rae8 16. Na2 Nxa2 17. Rxa2 Qc8 18. Bg1 Qa8 19. Re1 Nd7 20. b4
g6 21. Qe3 e5 22. Nf3 Bd8 23. fxe5 dxe5 24. Ng5 Nf6 25. c4 Qc8 26. Qh3 Qxh3
27. Nxh3 Bc7 28. c5 Rd8 29. cxb6 Rxd3 30. bxc7 Nxe4 31. Nf2 Nxf2+ 32. Bxf2
Rc8 33. Rc2 Rd7 34. Rec1 f5 35. Rc5 f4 36. Rxe5 Rcxc7 37. Rxc7 Rxc7 38. Bc5
1/2-1/2

[Event "Klompendans"]
[Site "Amsterdam NED"]
[Date "2001.11.02"]
[Round "9"]
[White "Ioseliani,N"]
[Black "Smyslov,V"]
[Result "1/2-1/2"]
[WhiteElo "2497"]
[BlackElo "2491"]
[EventDate "2001.10.23"]

1. d4 d5 2. c4 c6 3. Nf3 Nf6 4. e3 g6 5. Bd3 Bg7 6. O-O O-O 7. h3 b6 8. Qe2
Ba6 9. Nc3 Nbd7 10. Rd1 Qc7 11. Bd2 dxc4 12. Bxc4 Bxc4 13. Qxc4 Rac8 14. e4
b5 15. Qe2 b4 16. Na4 Qa5 17. b3 Qb5 18. Qe1 Nb6 19. Nc5 Nfd7 20. Bxb4 Nxc5
21. Bxc5 Rfe8 22. Rac1 Nd7 23. e5 Nf8 24. Rc4 Ne6 25. Qe3 Qb7 26. Rdc1 Qd7
27. Ba3 Qd5 28. Ne1 Rc7 29. Nd3 f6 30. Nb4 Qa5 31. Bb2 fxe5 32. Nxc6 Qxa2
33. R4c2 Rxc6 34. Rxc6 Qxb2 35. Rxe6 exd4 36. Qe1 d3 37. Rd1 Bc3 38. Qe3 d2
39. Rc6 Qxb3 40. Qf3 Rf8 41. Qg4 Bb4 42. Rxg6+ hxg6 1/2-1/2

[Event "Klompendans"]
[Site "Amsterdam NED"]
[Date "2001.11.03"]
[Round "10"]
[White "Hort,V"]
[Black "Ioseliani,N"]
[Result "1/2-1/2"]
[WhiteElo "2519"]
[BlackElo "2497"]
[EventDate "2001.10.23"]

1. d4 d5 2. c4 e6 3. Nc3 Be7 4. cxd5 exd5 5. Bf4 c6 6. e3 Bd6 7. Bg3 Ne7 8.
Nf3 Bxg3 9. hxg3 Bf5 10. Nh4 Be6 11. Bd3 Nd7 12. Qf3 Nf6 13. Nf5 Nxf5 14.
Bxf5 Bxf5 15. Qxf5 Qd7 16. Qf4 h6 17. O-O-O O-O-O 18. Kb1 Qg4 19. Qf3 Rhe8
20. Qxg4+ Nxg4 21. Rd2 Nf6 1/2-1/2

[Event "Klompendans"]
[Site "Amsterdam NED"]
[Date "2001.11.03"]
[Round "10"]
[White "Taimanov,M"]
[Black "Galliamova,A"]
[Result "0-1"]
[WhiteElo "2439"]
[BlackElo "2547"]
[EventDate "2001.10.23"]

1. c4 c6 2. Nf3 d5 3. e3 Nf6 4. b3 Bf5 5. Bb2 e6 6. d4 Bxb1 7. Qxb1 Bb4+ 8.
Ke2 Ne4 9. Qc2 Qf6 10. g3 Qf5 11. Rc1 Nd7 12. Bg2 h5 13. Rhf1 Ndf6 14. Ne5
h4 15. g4 Nxg4 16. Bh3 Nef6 17. Nxg4 Nxg4 18. Qxf5 exf5 19. cxd5 cxd5 20.
Rg1 g6 21. Bxg4 fxg4 22. Rxg4 h3 23. Rg5 Rd8 24. f4 Be7 25. Rg3 Kd7 26. Kd3
Rh5 27. e4 dxe4+ 28. Kxe4 Rh4 29. Kf3 Bd6 30. Rg4 Rxg4 31. Kxg4 Re8 32. Rc2
Re4 33. Kxh3 Rxf4 34. Kg2 Rg4+ 35. Kf1 Ke6 36. d5+ Kxd5 37. Rd2+ Ke6 38.
Bd4 Bxh2 39. Bxa7 Bd6 40. a4 f5 41. a5 g5 42. Be3 Rg3 43. Re2 Kd5 44. Bd2
Rf3+ 45. Ke1 g4 46. b4 Rb3 47. Kd1 Bxb4 48. Kc2 Kc4 49. Re8 Bxd2 50. Rc8+
Kd4 51. Kxb3 Bxa5 52. Rc4+ Ke3 53. Rc5 g3 54. Rxf5 g2 55. Rg5 Kf3 56. Rf5+
Kg4 57. Rf7 Bd2 0-1

[Event "Klompendans"]
[Site "Amsterdam NED"]
[Date "2001.11.03"]
[Round "10"]
[White "Portisch,L"]
[Black "Polgar,S"]
[Result "1/2-1/2"]
[WhiteElo "2591"]
[BlackElo "2469"]
[EventDate "2001.10.23"]

1. d4 c5 2. d5 e5 3. c4 d6 4. e4 Be7 5. Nf3 Bg4 6. Nbd2 Bg5 7. Qa4+ Kf8 8.
Nxg5 Qxg5 9. Qb3 Bc8 10. g3 g6 11. Bg2 Kg7 12. Qc3 Nd7 13. Nf1 Qe7 14. h4
h5 15. Bg5 f6 16. Bd2 Nh6 17. f3 b5 18. cxb5 a6 19. bxa6 Bxa6 20. Ne3 f5
21. exf5 Nxf5 22. Nxf5+ gxf5 23. Qe3 Nb6 24. Qg5+ Qxg5 25. Bxg5 Nxd5 26.
Rd1 Bb7 27. a3 Ra4 28. O-O Rb8 29. Rf2 Bc6 30. Bh3 Kg6 31. Bf1 Kf7 32. Rc1
Bb5 33. Bh3 Bd7 34. Bf1 Be6 35. Kh2 f4 36. gxf4 exf4 37. Rc4 Rxc4 38. Bxc4
Ne3 39. Bxe6+ Kxe6 40. Bxf4 Nc4 41. b4 cxb4 42. axb4 Rxb4 43. Kg3 Ne5
1/2-1/2

[Event "Klompendans"]
[Site "Amsterdam NED"]
[Date "2001.11.03"]
[Round "10"]
[White "Korchnoi,V"]
[Black "Xie Jun"]
[Result "1/2-1/2"]
[WhiteElo "2639"]
[BlackElo "2553"]
[EventDate "2001.10.23"]

1. d4 Nf6 2. c4 g6 3. Nc3 Bg7 4. e4 d6 5. Be2 O-O 6. Nf3 e5 7. O-O Nc6 8.
d5 Ne7 9. Ne1 Nd7 10. Be3 f5 11. f3 f4 12. Bf2 g5 13. Nd3 Ng6 14. c5 Nf6
15. a4 h5 16. a5 g4 17. c6 g3 18. hxg3 fxg3 19. Bxg3 h4 20. Bh2 Nh5 21.
cxb7 Bxb7 22. f4 Nhxf4 23. Nxf4 Nxf4 24. Bxf4 exf4 25. Bg4 Qg5 26. Be6+ Kh8
27. Rf3 Bc8 28. Rh3 Bxe6 29. dxe6 Rae8 30. Qe1 Rxe6 31. Qxh4+ Qxh4 32.
Rxh4+ Kg8 33. Rg4 c6 34. Rc1 f3 35. gxf3 Rxf3 36. Ne2 Rff6 37. Rxc6 Rg6 38.
Rxg6 Rxg6+ 39. Kf2 Bxb2 40. Nf4 Bd4+ 41. Kf3 Rf6 42. Kg4 Be5 43. Nd3 Rf7
44. a6 Bh2 45. Rc8+ Kg7 46. Rb8 Kf6 47. Rb7 Ke6 48. Kh3 Bg1 49. Kg3 Be3
1/2-1/2